| 000 | 00679nam a22002057a 4500 | ||
|---|---|---|---|
| 999 |
_c87637 _d87637 |
||
| 005 | 20230228163238.0 | ||
| 010 | _aENG-110617 ENG-136274 | ||
| 020 |
_a9789350532423 _c900.00 |
||
| 035 | _aEN-94149 EN-119806 | ||
| 037 | _bDBAD/PUB | ||
| 082 | _a150 | ||
| 100 | _aDodiya, R.K. | ||
| 245 |
_aEmotional psychology : _cby R.K. Dodiya [and] Jignesh Tapariya _bcurrent perspectives / |
||
| 260 |
_aNew Delhi _bCyber Tech Publications _c2013 |
||
| 270 |
_bNew Delhi _a4264/3, Ansari Road, Daryaganj _e110002 |
||
| 300 |
_av,256p. _c23cm(Hb) |
||
| 500 | _aIncludes bibliographical references | ||
| 700 | _aTapariya, Jignesh | ||
| 942 |
_2ddc _cEN _mDOD _h150 |
||